00430nam a2200157Ia 450000500170000000800410001702000150005808200150007310000200008824500530010825000090016126000540017030000180022465000130024265000170025520240731061251.0240331s9999 xx 000 0 und d a817120094X a291.5bTAP aTapasyananda, S 0aSrimad Bhagavat gita :bthe scripture of mankind a3 rd aMadrasbSri Ramakrishna Math Printing Pressc1988 axvi, 517 p ., aReligion aHuman Values